<?xml version="1.0" encoding="UTF-8"?>
<record
    xmlns:xsi="http://www.w3.org/2001/XMLSchema-instance"
    xsi:schemaLocation="http://www.loc.gov/MARC21/slim http://www.loc.gov/standards/marcxml/schema/MARC21slim.xsd"
    xmlns="http://www.loc.gov/MARC21/slim">

  <leader>00905nam a22002657a 4500</leader>
  <datafield tag="952" ind1=" " ind2=" ">
    <subfield code="a">0001</subfield>
    <subfield code="b">0001</subfield>
    <subfield code="d">2022-06-27</subfield>
    <subfield code="l">0</subfield>
    <subfield code="o">658.409 B26f 2022</subfield>
    <subfield code="p">020477</subfield>
    <subfield code="r">2022-06-27 00:00:00</subfield>
    <subfield code="w">2022-06-27</subfield>
    <subfield code="y">BKS</subfield>
  </datafield>
  <datafield tag="999" ind1=" " ind2=" ">
    <subfield code="c">14943</subfield>
    <subfield code="d">14943</subfield>
  </datafield>
  <controlfield tag="003">MIRAKIL</controlfield>
  <controlfield tag="005">20220627125242.0</controlfield>
  <controlfield tag="008">220627b        tu ||||| |||| 00| 0 tur d</controlfield>
  <datafield tag="020" ind1=" " ind2=" ">
    <subfield code="a">9786053995821</subfield>
  </datafield>
  <datafield tag="040" ind1=" " ind2=" ">
    <subfield code="a">TR-AnCHP</subfield>
    <subfield code="b">tur</subfield>
    <subfield code="c">TR-AnCHP</subfield>
  </datafield>
  <datafield tag="041" ind1=" " ind2=" ">
    <subfield code="a">tur</subfield>
  </datafield>
  <datafield tag="082" ind1=" " ind2=" ">
    <subfield code="a">658.409</subfield>
    <subfield code="b">B26f 2022</subfield>
  </datafield>
  <datafield tag="100" ind1=" " ind2=" ">
    <subfield code="a">Barabas&#x131;, Albert Laszlo</subfield>
  </datafield>
  <datafield tag="245" ind1=" " ind2=" ">
    <subfield code="a">Form&#xFC;l:</subfield>
    <subfield code="c">Ba&#x15F;ar&#x131;n&#x131;n evrensel kanunlar&#x131;/</subfield>
    <subfield code="b">Albert-Lazszlo Barabas&#x131;; &#xE7;eviren: Onur Aslan</subfield>
  </datafield>
  <datafield tag="246" ind1=" " ind2=" ">
    <subfield code="a">Ba&#x15F;ar&#x131;n&#x131;n evrensel kanunlar&#x131;</subfield>
  </datafield>
  <datafield tag="260" ind1=" " ind2=" ">
    <subfield code="a">&#x130;stanbul:</subfield>
    <subfield code="b">&#x130;stanbul Bilgi &#xDC;niversitesi;</subfield>
    <subfield code="c">2022.</subfield>
  </datafield>
  <datafield tag="300" ind1=" " ind2=" ">
    <subfield code="a">ix, 215 s.:</subfield>
    <subfield code="c">23 sm.</subfield>
  </datafield>
  <datafield tag="490" ind1="0" ind2=" ">
    <subfield code="a">&#x130;stanbul Bilgi &#xDC;niversitesi Yay&#x131;nlar&#x131;;</subfield>
    <subfield code="a">Bilgi ve toplum;</subfield>
    <subfield code="v">692.</subfield>
    <subfield code="v">16.</subfield>
  </datafield>
  <datafield tag="504" ind1=" " ind2=" ">
    <subfield code="a">Dizin vard&#x131;r.</subfield>
  </datafield>
  <datafield tag="650" ind1=" " ind2="0">
    <subfield code="a">Ba&#x15F;ar&#x131; motivasyonu</subfield>
    <subfield code="9">7131</subfield>
  </datafield>
  <datafield tag="650" ind1=" " ind2="0">
    <subfield code="a">Verimlilik</subfield>
    <subfield code="x">Ara&#x15F;t&#x131;rma</subfield>
    <subfield code="9">959</subfield>
  </datafield>
  <datafield tag="700" ind1=" " ind2=" ">
    <subfield code="9">7130</subfield>
    <subfield code="a">Aslan, Onur </subfield>
    <subfield code="e">&#xE7;ev.</subfield>
  </datafield>
  <datafield tag="740" ind1=" " ind2=" ">
    <subfield code="a">Ba&#x15F;ar&#x131;n&#x131;n evrensel kanunlar&#x131;</subfield>
  </datafield>
  <datafield tag="942" ind1=" " ind2=" ">
    <subfield code="2">ddc</subfield>
    <subfield code="c">BKS</subfield>
  </datafield>
</record>
